000
00259nam a2200109Ia 4500
008
230907s9999||||xx |||||||||||||| ||und||
082
_a
696.1
_b
TRE
245
0
_a
Plumbing /
260
_a
Wiley-Blackwell,
_b
Chichester :
_c
2012
300
_a
482 p.
942
_c
BK
999
_c
600661
_d
600661